000 00535nam a2200193 a 4500
001 2946
003 CO-ViMGA
008 141112s2004 ck r 000 u spa d
040 _aCO-ViMGA
_bspa
_cCO-ViMGA
082 0 4 _a373.246 R627
100 1 _aRodríguez de Fraga, Abel
_952150
245 1 0 _aEducación tecnológica (se ofrece)espacio en el aula (se busca)
250 _a2a
260 _aBuenos Aires :
_bAique,
_c1996
300 _a223 p
490 _aTransformación
650 1 4 _aeducación TECNOLOGICA
_952151
942 _2ddc
_cBK
999 _c15011
_d15011